Meat and beans
A basic introduction to the health benefits of meat and beans. Intended for kindergarten through third grade students.
Shranjeno v:
| Glavni avtor: | |
|---|---|
| Format: | Knjiga |
| Jezik: | Undetermined |
| Izdano: |
Minneapolis, MN
Bellwether Media
2007
|
| Teme: | |
| Oznake: |
Označite
Brez oznak, prvi označite!
|
| Thư viện lưu trữ: | Trung tâm Học liệu Trường Đại học Cần Thơ |
|---|
| LEADER | 00747nam a2200217Ia 4500 | ||
|---|---|---|---|
| 001 | CTU_217446 | ||
| 008 | 210402s9999 xx 000 0 und d | ||
| 020 | |c 5.95 | ||
| 082 | |a 613.2 | ||
| 082 | |b G795 | ||
| 100 | |a Green, Emily K. | ||
| 245 | 0 | |a Meat and beans | |
| 245 | 0 | |c Emily K. Green | |
| 260 | |a Minneapolis, MN | ||
| 260 | |b Bellwether Media | ||
| 260 | |c 2007 | ||
| 520 | |a A basic introduction to the health benefits of meat and beans. Intended for kindergarten through third grade students. | ||
| 650 | |a Beans,Thịt,Đậu,Meat | ||
| 650 | |x Health aspects,Khía cạnh sức khoẻ,Khía cạnh sức khoẻ,Health aspects | ||
| 904 | |i Hiền, Tuyến | ||
| 980 | |a Trung tâm Học liệu Trường Đại học Cần Thơ | ||